Statistics for United States Borders #3

Click here to take the quiz!

General Stats

  • This quiz has been taken 17 times
  • The average score is 6 of 6

Answer Stats

HintAnswer% Correct
SouthColorado
100%
SouthwestUtah
100%
WestIdaho
94%
NorthMontana
94%
NortheastSouth Dakota
94%
SoutheastNebraska
88%

Score Distribution

Percentile by Number Answered

Percent of People with Each Score

Your Score History

You have not taken this quiz